La exportación española ante el Mercado Común / (Record no. 99779)

MARC details
000 -LEADER
campo de control de longitud fija 00520nam a2200169 i 4500
001 - NÚMERO DE CONTROL
campo de control 99779
003 - IDENTIFICADOR DE NÚMERO DE CONTROL
campo de control ES-MaACL
005 - FECHA Y HORA DE LA ÚLTIMA TRANSACCIÓN
campo de control 20230906182544.0
007 - CAMPO FIJO DE DESCRIPCIÓN FÍSICA--INFORMACIÓN GENERAL
campo de control de longitud fija t|
008 - DATOS DE LONGITUD FIJA--INFORMACIÓN GENERAL
campo de control de longitud fija 050915s1967 sp ||||1| spa d
100 1# - ENTRADA PRINCIPAL--NOMBRE DE PERSONA
Nombre de persona Martínez Cortiña, Rafael.
9 (RLIN) 77955
245 13 - MENCIÓN DEL TÍTULO
Título La exportación española ante el Mercado Común /
Mención de responsabilidad, etc. Rafael Martínez Cortiña.
260 ## - PUBLICACIÓN, DISTRIBUCIÓN, ETC.
Lugar de publicación, distribución, etc. Madrid :
Nombre del editor, distribuidor, etc. Moneda y Crédito,
Fecha de publicación, distribución, etc. 1967.
300 ## - DESCRIPCIÓN FÍSICA
Extensión 175 p.(1), gráf. pleg. 1-18 ;
Dimensiones 25 cm.
500 ## - NOTA GENERAL
Nota general (1) 6 pleg.
852 ## - LOCALIZACIÓN
Ubicación ES-MaACL
Número de control de estantería C-33134
Sublocalización o colección R.63386
Holdings
Estatus retirado Estado de pérdida Estado de daño No para préstamo Biblioteca de origen Biblioteca actual Ubicación en estantería Fecha de adquisición Fuente de adquisición Total de préstamos Signatura topográfica completa Código de barras Visto por última vez Precio de reemplazo Tipo de ítem Koha
        Biblioteca del Ateneo de Madrid Biblioteca del Ateneo de Madrid Depósito 2 17/01/2008     C-33134 1104185 23/02/2023 23/02/2023 Libro impreso